[Event "DEM U16w 2010"]
[Site "Oberhof GER"]
[Date "2010.05.28"]
[Round "8"]
[White "Schätz, Bianca"]
[Black "Brühan, Caren"]
[Result "1/2-1/2"]
[Termination "normal"]
[Board "8"]
[WhiteElo "1836"]
[BlackElo "1458"]
[PlyCount "53"]
[WhiteFideId "24655821"]
[BlackFideId "24691976"]
[EventCountry "GER"]
[EventRounds "9"]
[EventType "swiss"]
[EventDate "2010.05.22"]

1. c4 c5 2. Nc3 Nc6 3. g3 g6 4. Bg2 Bg7 5. e4 d6 6. Nge2 Nf6 7. O-O O-O 8. Rb1
Qc7 9. a3 Be6 10. d3 Rfc8 11. Nd5 Qb8 12. b4 Bxd5 13. exd5 Ne5 14. f4 Ned7 15.
b5 Qc7 16. Bd2 b6 17. h3 Re8 18. Nc3 Rad8 19. Re1 Nf8 20. a4 e6 21. dxe6 Rxe6
22. Qc2 Rde8 23. Bc6 Rxe1+ 24. Rxe1 Rxe1+ 25. Bxe1 Ne6 26. Bf2 Qd8 27. Bg2
1/2-1/2

[Event "DEM U16w 2010"]
[Site "Oberhof GER"]
[Date "2010.05.28"]
[Round "8"]
[White "Marx, Inga"]
[Black "Zimmerer, Leah"]
[Result "1/2-1/2"]
[Termination "normal"]
[Board "9"]
[WhiteElo "1756"]
[BlackElo "1618"]
[PlyCount "52"]
[WhiteFideId "4654749"]
[BlackFideId "4620240"]
[EventCountry "GER"]
[EventRounds "9"]
[EventType "swiss"]
[EventDate "2010.05.22"]

1. e4 c5 2. Nf3 Nc6 3. d4 cxd4 4. Nxd4 Qb6 5. Nb3 Nf6 6. Nc3 e6 7. Be3 Qc7 8.
Be2 a6 9. O-O b5 10. f3 Be7 11. Qd2 d6 12. Rfd1 O-O 13. a4 b4 14. Na2 d5 15.
exd5 Nxd5 16. Bf2 Rd8 17. Qc1 Bd6 18. g3 Rb8 19. Nd2 Na5 20. c4 bxc3 21. Nxc3
Nf6 22. Rb1 Nc6 23. Nce4 Nd5 24. Nxd6 Qxd6 25. Ne4 Qc7 26. Qc4 Rb4 1/2-1/2

[Event "DEM U16w 2010"]
[Site "Oberhof GER"]
[Date "2010.05.28"]
[Round "8"]
[White "Maiwald, Anja"]
[Black "Schmitt, Katrin"]
[Result "1/2-1/2"]
[Termination "normal"]
[Board "10"]
[WhiteElo "1478"]
[BlackElo "1728"]
[PlyCount "68"]
[BlackFideId "24654400"]
[EventCountry "GER"]
[EventRounds "9"]
[EventType "swiss"]
[EventDate "2010.05.22"]

1. d4 Nf6 2. e3 c5 3. Nf3 g6 4. Be2 Bg7 5. O-O cxd4 6. exd4 O-O 7. b3 d5 8. Bb2
Nc6 9. Nbd2 Bf5 10. c4 Ne4 11. Re1 Nxd2 12. Qxd2 Be4 13. Ng5 Bf5 14. Bd3 Bxd3
15. Qxd3 e6 16. Nf3 Qd6 17. a3 Rad8 18. Rad1 Rfe8 19. c5 Qc7 20. b4 a6 21. Re2
Re7 22. Bc1 h6 23. Rde1 Rde8 24. Be3 Kh7 25. Qd2 Bf8 26. Bf4 Qc8 27. Qd3 Bg7
28. Bd6 Rd7 29. Ne5 Nxe5 30. dxe5 Qc6 31. f4 Qb5 32. Qxb5 axb5 33. g4 Ra8 34.
Re3 Ra6 1/2-1/2

[Event "DEM U16w 2010"]
[Site "Oberhof GER"]
[Date "2010.05.28"]
[Round "8"]
[White "Bohrmann, Sandra"]
[Black "Voggenreiter, Sara"]
[Result "1-0"]
[Termination "normal"]
[Board "11"]
[WhiteElo "1563"]
[BlackElo "1587"]
[PlyCount "109"]
[WhiteFideId "12905437"]
[BlackFideId "24615358"]
[EventCountry "GER"]
[EventRounds "9"]
[EventType "swiss"]
[EventDate "2010.05.22"]

1. e4 d5 2. exd5 Qxd5 3. Nc3 Qa5 4. d4 c6 5. Bc4 Nf6 6. Bd2 Qc7 7. Nf3 Bf5 8.
O-O e6 9. Re1 Bd6 10. h3 Nbd7 11. a3 O-O 12. Bb3 Rfe8 13. Bg5 Nd5 14. Nxd5 cxd5
15. Rc1 h6 16. Be3 Nf6 17. c3 Rac8 18. Ne5 Nd7 19. Nf3 Qd8 20. Ne5 Bxe5 21.
dxe5 Nxe5 22. Bc2 Bxc2 23. Rxc2 Nc6 24. Qg4 Qf6 25. Rec1 a6 26. Qg3 b5 27. Kf1
Na5 28. Re1 Nc4 29. Bd4 Qg6 30. Qd3 e5 31. Be3 e4 32. Qd4 Qf5 33. b3 Nxe3+ 34.
Rxe3 Re6 35. g4 Qg5 36. Kg2 Rf6 37. a4 bxa4 38. Qxa4 Qe5 39. Qb4 Rcc6 40. Qb7
Qe6 41. Qb4 Rb6 42. Qa4 Qe5 43. b4 Rbc6 44. Qa5 Rf3 45. b5 axb5 46. Qa8+ Kh7
47. Qxc6 h5 48. Qxb5 Rxe3 49. fxe3 h4 50. Qf1 Qg3+ 51. Kh1 Qxe3 52. Ra2 Qxc3
53. Qf5+ g6 54. Qxf7+ Kh6 55. Qf4+ 1-0

[Event "DEM U16w 2010"]
[Site "Oberhof GER"]
[Date "2010.05.28"]
[Round "8"]
[White "Rosenfeld, Elisabeth"]
[Black "Möller, Nadine"]
[Result "1-0"]
[Termination "normal"]
[Board "12"]
[WhiteElo "1601"]
[BlackElo "1042"]
[PlyCount "67"]
[WhiteFideId "4624742"]
[EventCountry "GER"]
[EventRounds "9"]
[EventType "swiss"]
[EventDate "2010.05.22"]

1. e4 d5 2. exd5 Qxd5 3. Nc3 Qa5 4. d4 c6 5. Bd2 Qc7 6. Nf3 Nf6 7. Bc4 Bf5 8.
O-O e6 9. Nh4 Bg6 10. Nxg6 hxg6 11. h3 Nbd7 12. Qf3 Nb6 13. Bb3 O-O-O 14. a4 a5
15. Ne2 Nbd5 16. Bxd5 exd5 17. Rfb1 Re8 18. b4 axb4 19. Bxb4 Bxb4 20. Rxb4 g5
21. Ng3 Ne4 22. Nxe4 dxe4 23. Qf5+ Qd7 24. Qxd7+ Kxd7 25. Rxb7+ Ke6 26. Re1 Kf6
27. Rb6 Re6 28. a5 Ra8 29. a6 Ke7 30. Rb7+ Kd6 31. a7 Kd5 32. Ra1 e3 33. fxe3
Ree8 34. Rxf7 1-0

[Event "DEM U16w 2010"]
[Site "Oberhof GER"]
[Date "2010.05.28"]
[Round "8"]
[White "Lange, Anika"]
[Black "Brandt, Carina"]
[Result "1/2-1/2"]
[Termination "normal"]
[Board "13"]
[WhiteElo "1356"]
[BlackElo "1084"]
[PlyCount "72"]
[WhiteFideId "24693405"]
[BlackFideId "12917940"]
[EventCountry "GER"]
[EventRounds "9"]
[EventType "swiss"]
[EventDate "2010.05.22"]

1. d4 d5 2. Nf3 Nf6 3. e3 e6 4. Bd3 c5 5. b3 Nc6 6. O-O Bd6 7. Bb2 O-O 8. Nbd2
Qe7 9. Ne5 Qc7 10. f4 cxd4 11. exd4 Nb4 12. Ndf3 Nxd3 13. Qxd3 a5 14. Rfe1 b6
15. Rac1 Ba6 16. Qe3 b5 17. a3 b4 18. a4 Ne4 19. Nd2 Nxd2 20. Qxd2 f6 21. Nd3
Rfe8 22. g3 Re7 23. c3 Qb6 24. Qe3 Rae8 25. cxb4 Bxd3 26. Qxd3 axb4 27. Kh1 Qb8
28. Re2 Rc7 29. Rxc7 Qxc7 30. Qc2 Qxc2 31. Rxc2 g5 32. fxg5 fxg5 33. Bc1 h6 34.
Rc6 Bf8 35. Bd2 e5 36. dxe5 Rxe5 1/2-1/2

[Event "DEM U16w 2010"]
[Site "Oberhof GER"]
[Date "2010.05.29"]
[Round "9"]
[White "Pohl, Theresa"]
[Black "Schulz, Anja"]
[Result "1/2-1/2"]
[Termination "normal"]
[Board "1"]
[WhiteElo "1821"]
[BlackElo "1972"]
[PlyCount "52"]
[BlackFideId "24647845"]
[EventCountry "GER"]
[EventRounds "9"]
[EventType "swiss"]
[EventDate "2010.05.22"]

1. d4 Nf6 2. c4 g6 3. Nc3 Bg7 4. e4 d6 5. f4 O-O 6. Nf3 c5 7. d5 b5 8. cxb5 a6
9. bxa6 Qa5 10. Bd2 Bxa6 11. Be2 Bxe2 12. Qxe2 Qa6 13. Qxa6 Nxa6 14. O-O Nd7
15. Rab1 Rfb8 16. a3 Rb3 17. Rfe1 e5 18. g3 Rab8 19. fxe5 Nxe5 20. Nxe5 Bxe5
21. Na4 Bd4+ 22. Kh1 Nc7 23. Bf4 Nb5 24. Rbc1 f6 25. g4 g5 26. Bg3 Rb7 1/2-1/2

[Event "DEM U16w 2010"]
[Site "Oberhof GER"]
[Date "2010.05.29"]
[Round "9"]
[White "Klek, Hanna-Marie"]
[Black "Schäfer, Daniela"]
[Result "1-0"]
[Termination "normal"]
[Board "2"]
[WhiteElo "2133"]
[BlackElo "1917"]
[PlyCount "117"]
[WhiteFideId "24670057"]
[BlackFideId "4624769"]
[EventCountry "GER"]
[EventRounds "9"]
[EventType "swiss"]
[EventDate "2010.05.22"]

1. e4 d6 2. f4 Nf6 3. Nc3 d5 4. exd5 Nxd5 5. Qf3 Nf6 6. Bc4 Nc6 7. Nge2 e6 8.
d3 Bc5 9. Bd2 Bd7 10. Ne4 Nxe4 11. dxe4 Qe7 12. c3 O-O-O 13. O-O-O a5 14. Kb1
a4 15. Be3 Na5 16. Bd3 Kb8 17. Qf2 Bxe3 18. Qxe3 a3 19. b3 e5 20. g3 Rhe8 21.
Rhf1 f6 22. Bc2 Bc6 23. Rxd8+ Rxd8 24. fxe5 fxe5 25. Nc1 Bb5 26. Rf5 Bd7 27.
Qg5 Re8 28. Qxe7 Rxe7 29. Rf8+ Ka7 30. Bd3 Be6 31. Kc2 h6 32. Be2 Kb6 33. Nd3
Bd7 34. Bf3 Be6 35. Bg2 Bd7 36. c4 Nc6 37. Kc3 Bg4 38. b4 Nd4 39. Nf2 Bh5 40.
Bf1 Rf7 41. Rxf7 Bxf7 42. Nd3 Nf3 43. Be2 Ng1 44. Bg4 Bg6 45. Nxe5 Bxe4 46. Kb3
Bg2 47. Kxa3 Nh3 48. Kb3 c6 49. a4 Nf2 50. Be2 Kc7 51. Kc3 Kd6 52. Kd4 Nh3 53.
a5 Ng5 54. Bg4 Ne6+ 55. Bxe6 Kxe6 56. Nd3 Kd6 57. Nc5 Kc7 58. Ne6+ Kd6 59. Nxg7
1-0

[Event "DEM U16w 2010"]
[Site "Oberhof GER"]
[Date "2010.05.29"]
[Round "9"]
[White "Zeller, Elisa"]
[Black "Rethmann, Kristin"]
[Result "1-0"]
[Termination "normal"]
[Board "3"]
[WhiteElo "1708"]
[BlackElo "1782"]
[PlyCount "47"]
[WhiteFideId "24662410"]
[BlackFideId "24655805"]
[EventCountry "GER"]
[EventRounds "9"]
[EventType "swiss"]
[EventDate "2010.05.22"]

1. e4 c5 2. Nf3 g6 3. d4 Bg7 4. c3 Qc7 5. Be3 d6 6. Bb5+ Nd7 7. O-O b6 8. Re1
Ngf6 9. Bg5 e6 10. Qd2 O-O 11. Bh6 Bb7 12. Bxg7 Kxg7 13. e5 Ne8 14. dxc5 Nxc5
15. Bxe8 Rfxe8 16. exd6 Qc6 17. Qd4+ Kg8 18. Nbd2 Rad8 19. Nc4 Qd5 20. Rad1
Qxd4 21. Rxd4 Bd5 22. Red1 f6 23. b3 e5 24. Rxd5 1-0

[Event "DEM U16w 2010"]
[Site "Oberhof GER"]
[Date "2010.05.29"]
[Round "9"]
[White "Kostré, Margarita"]
[Black "Düssler, Stefanie"]
[Result "0-1"]
[Termination "normal"]
[Board "4"]
[WhiteElo "1779"]
[BlackElo "1828"]
[PlyCount "80"]
[WhiteFideId "4673344"]
[BlackFideId "4634780"]
[EventCountry "GER"]
[EventRounds "9"]
[EventType "swiss"]
[EventDate "2010.05.22"]

1. e4 e6 2. b3 d5 3. Bb2 d4 4. Nf3 c5 5. Bd3 Bd6 6. e5 Bc7 7. c3 dxc3 8. dxc3
Nc6 9. c4 Nge7 10. O-O Ng6 11. Bxg6 hxg6 12. Nbd2 b6 13. Ne4 Qxd1 14. Raxd1 Bb7
15. Nd6+ Bxd6 16. exd6 f6 17. Rfe1 Kf7 18. Rd2 Rad8 19. Red1 Rd7 20. Ne1 Rhd8
21. Nc2 e5 22. Ne3 Nd4 23. Kf1 Rxd6 24. f3 Ke6 25. Kf2 f5 26. Ba1 Rh8 27. h3
Ra8 28. Bb2 g5 29. Ba1 g6 30. Bb2 Bc6 31. Ba1 a5 32. Bc3 Rad8 33. Kf1 g4 34.
hxg4 f4 35. Nd5 Bxd5 36. cxd5+ Rxd5 37. Kf2 g5 38. Kf1 Nc2 39. Kf2 Ne3 40. Rxd5
Nxd1+ 0-1

[Event "DEM U16w 2010"]
[Site "Oberhof GER"]
[Date "2010.05.29"]
[Round "9"]
[White "Kühnel, Lena"]
[Black "Müller, Laura Margarita"]
[Result "1-0"]
[Termination "normal"]
[Board "5"]
[WhiteElo "1858"]
[BlackElo "1544"]
[PlyCount "31"]
[WhiteFideId "24640956"]
[BlackFideId "12917923"]
[EventCountry "GER"]
[EventRounds "9"]
[EventType "swiss"]
[EventDate "2010.05.22"]

1. e4 e5 2. Nf3 Nc6 3. Bb5 f5 4. d3 fxe4 5. dxe4 Bc5 6. O-O d6 7. Qd3 h6 8. Qc4
Qf6 9. Nc3 Be6 10. Nd5 O-O-O 11. Bxc6 Bxd5 12. Bxd5 c6 13. Be6+ Kc7 14. Be3
Bxe3 15. fxe3 Qe7 16. Nxe5 1-0

[Event "DEM U16w 2010"]
[Site "Oberhof GER"]
[Date "2010.05.29"]
[Round "9"]
[White "Harder, Anne"]
[Black "Tran, My Linh"]
[Result "0-1"]
[Termination "normal"]
[Board "6"]
[WhiteElo "1719"]
[BlackElo "1801"]
[PlyCount "96"]
[WhiteFideId "4614631"]
[BlackFideId "24682462"]
[EventCountry "GER"]
[EventRounds "9"]
[EventType "swiss"]
[EventDate "2010.05.22"]

1. e4 e5 2. Bc4 Nf6 3. d3 Nc6 4. Nf3 Be7 5. c3 d6 6. O-O O-O 7. h3 Kh8 8. Nbd2
Ng8 9. Re1 f5 10. exf5 Bxf5 11. Bxg8 Rxg8 12. Ne4 Rf8 13. Ng3 Bg6 14. d4 exd4
15. Nxd4 Nxd4 16. Qxd4 Bh4 17. Bf4 Qf6 18. Qxf6 Rxf6 19. Ne2 Rf7 20. g3 Bf6 21.
Rad1 Re8 22. Be3 Rfe7 23. Nf4 Bf7 24. Nd5 Bxd5 25. Rxd5 Kg8 26. Red1 a6 27. Kf1
Kf7 28. Ke2 Be5 29. Kf3 c6 30. R5d3 d5 31. Bf4 Bxf4 32. Kxf4 Re2 33. R3d2 Kf6
34. h4 R2e4+ 35. Kf3 Ke5 36. b3 a5 37. a4 Re7 38. Kg2 Rf7 39. f4+ Kf5 40. Kf3
h5 41. Rg1 Rfe7 42. Rd3 Re1 43. Rxe1 Rxe1 44. Re3 Rxe3+ 45. Kxe3 c5 46. Kf3 g6
47. Ke3 Kg4 48. Kf2 d4 0-1

[Event "DEM U16w 2010"]
[Site "Oberhof GER"]
[Date "2010.05.29"]
[Round "9"]
[White "Sancar, Alina"]
[Black "Schätz, Bianca"]
[Result "1/2-1/2"]
[Termination "normal"]
[Board "7"]
[WhiteElo "1790"]
[BlackElo "1836"]
[PlyCount "136"]
[WhiteFideId "4624750"]
[BlackFideId "24655821"]
[EventCountry "GER"]
[EventRounds "9"]
[EventType "swiss"]
[EventDate "2010.05.22"]

1. e4 c5 2. Nc3 Nc6 3. g3 g6 4. Bg2 Bg7 5. Nge2 d6 6. d3 e6 7. O-O Nge7 8. Be3
O-O 9. Qd2 Nd4 10. Bxd4 cxd4 11. Nd1 Rb8 12. f4 b6 13. Nf2 Bb7 14. Qb4 Nc6 15.
Qa4 a6 16. Ng4 b5 17. Qb3 Na5 18. Qb4 Nc6 19. Qd2 f5 20. exf5 exf5 21. Nf2 Qc7
22. Nc1 Ne7 23. Nh3 Bxg2 24. Qxg2 h6 25. Re1 Rbe8 26. Nb3 a5 27. a4 b4 28. Re6
Rf6 29. Rae1 Rxe6 30. Rxe6 Kf7 31. Re1 Qd7 32. Nxa5 Qxa4 33. Nc4 Qd7 34. Nb6
Qb5 35. Nc4 Qd7 36. Qd2 Nd5 37. Ra1 Ne3 38. Nxe3 dxe3 39. Qxb4 Qc6 40. Qb3+ d5
41. c3 Re7 42. d4 Rb7 43. Qa2 Qb5 44. Re1 Re7 45. Qb1 Qc4 46. Kg2 Qb3 47. Qc1
Bf6 48. Rxe3 Rxe3 49. Qxe3 Qxb2+ 50. Nf2 g5 51. fxg5 hxg5 52. Qf3 Ke6 53. g4 f4
54. Kf1 Kd6 55. Kg2 Qd2 56. Qd3 Qxd3 57. Nxd3 Kc6 58. Kf3 Kb5 59. Nb2 Be7 60.
h4 gxh4 61. Kxf4 h3 62. Kg3 h2 63. Kxh2 Bg5 64. Kg3 Bd2 65. Nd1 Bg5 66. Kf3 Kc4
67. Ke2 Bh6 68. Kf3 Kd3 1/2-1/2

[Event "DEM U16w 2010"]
[Site "Oberhof GER"]
[Date "2010.05.29"]
[Round "9"]
[White "Zimmerer, Leah"]
[Black "Bohrmann, Sandra"]
[Result "1-0"]
[Termination "normal"]
[Board "8"]
[WhiteElo "1618"]
[BlackElo "1563"]
[PlyCount "59"]
[WhiteFideId "4620240"]
[BlackFideId "12905437"]
[EventCountry "GER"]
[EventRounds "9"]
[EventType "swiss"]
[EventDate "2010.05.22"]

1. e4 e5 2. Nc3 Nf6 3. g3 Nc6 4. Bg2 Bc5 5. Nge2 d6 6. h3 Be6 7. O-O Qd7 8. Kh2
O-O-O 9. Na4 Bb6 10. Nxb6+ axb6 11. Nc3 Qe7 12. Nd5 Qf8 13. c3 Ne7 14. c4 b5
15. Nxe7+ Qxe7 16. cxb5 Bc4 17. d3 Bxb5 18. a4 Bc6 19. b4 b5 20. axb5 Bxb5 21.
Ra5 Qd7 22. Be3 d5 23. Ra8+ Kb7 24. Ra7+ Kc8 25. Qa1 Qd6 26. Bc5 Qe6 27. Qa5
Qc6 28. Rc1 d4 29. Qa3 Rd7 30. Ra8+ 1-0

[Event "DEM U16w 2010"]
[Site "Oberhof GER"]
[Date "2010.05.29"]
[Round "9"]
[White "Brühan, Caren"]
[Black "Maiwald, Anja"]
[Result "0-1"]
[Termination "normal"]
[Board "9"]
[WhiteElo "1458"]
[BlackElo "1478"]
[PlyCount "62"]
[WhiteFideId "24691976"]
[EventCountry "GER"]
[EventRounds "9"]
[EventType "swiss"]
[EventDate "2010.05.22"]

1. d4 d5 2. Nf3 Nf6 3. e3 e6 4. Bd3 Be7 5. O-O O-O 6. Nbd2 b6 7. Re1 Bb7 8. c3
Nbd7 9. e4 dxe4 10. Nxe4 c5 11. Bg5 Rc8 12. Bxf6 Nxf6 13. Nxf6+ Bxf6 14. dxc5
Rxc5 15. Be4 Bd5 16. Qc2 g6 17. Rad1 Qa8 18. Nd4 Rd8 19. Bxd5 Rdxd5 20. Qe4 Qd8
21. h3 Rc4 22. Qe2 Bxd4 23. Qxc4 Bxf2+ 24. Kxf2 Rxd1 25. Rxd1 Qxd1 26. Qe2
Qxe2+ 27. Kxe2 f5 28. Kf3 Kf7 29. b4 e5 30. c4 Ke6 31. g4 Kd6 0-1

[Event "DEM U16w 2010"]
[Site "Oberhof GER"]
[Date "2010.05.29"]
[Round "9"]
[White "Schmitt, Katrin"]
[Black "Rosenfeld, Elisabeth"]
[Result "0-1"]
[Termination "normal"]
[Board "10"]
[WhiteElo "1728"]
[BlackElo "1601"]
[PlyCount "120"]
[WhiteFideId "24654400"]
[BlackFideId "4624742"]
[EventCountry "GER"]
[EventRounds "9"]
[EventType "swiss"]
[EventDate "2010.05.22"]

1. e4 e5 2. Bc4 Nf6 3. d3 d5 4. exd5 Nxd5 5. Nf3 Nc6 6. O-O Bg4 7. Re1 Be7 8.
h3 Bxf3 9. Qxf3 Nf6 10. Be3 O-O 11. Nc3 Qd7 12. a3 a6 13. Ne4 b5 14. Ba2 Nd4
15. Bxd4 Qxd4 16. Rab1 Rad8 17. Ng3 Qc5 18. Nf5 Bd6 19. Rbc1 Kh8 20. Nh6 Rd7
21. g4 e4 22. dxe4 Qe5 23. Nf5 Qxb2 24. Bb3 Qxa3 25. Ra1 Qb4 26. e5 Re8 27. Bd5
Rxe5 28. Rxe5 Bxe5 29. Rxa6 h6 30. Ra8+ Kh7 31. Ne3 Qf4 32. Qxf4 Bxf4 33. Bc6
Rd2 34. Bxb5 g6 35. Bd3 h5 36. gxh5 Nxh5 37. Ra5 Kg7 38. Rc5 Bd6 39. Rc3 Nf4
40. h4 Nh3+ 41. Kg2 Rxf2+ 42. Kxh3 Rf3+ 43. Kg2 Rxe3 44. Rc4 Rg3+ 45. Kf2 Rh3
46. Kg2 Rh2+ 47. Kf3 Kh6 48. Be2 Rh3+ 49. Kf2 Rh2+ 50. Kf3 f5 51. Ra4 f4 52.
Ra8 Kg7 53. Bd3 Rxh4 54. Rd8 Kf6 55. Rg8 Rh3+ 56. Kf2 Rg3 57. Rh8 Kg7 58. Rh4
Bc5+ 59. Kf1 f3 60. Rh1 f2 0-1

[Event "DEM U16w 2010"]
[Site "Oberhof GER"]
[Date "2010.05.29"]
[Round "9"]
[White "Voggenreiter, Sara"]
[Black "Marx, Inga"]
[Result "1-0"]
[Termination "normal"]
[Board "11"]
[WhiteElo "1587"]
[BlackElo "1756"]
[PlyCount "137"]
[WhiteFideId "24615358"]
[BlackFideId "4654749"]
[EventCountry "GER"]
[EventRounds "9"]
[EventType "swiss"]
[EventDate "2010.05.22"]

1. e4 d5 2. exd5 Qxd5 3. Nc3 Qa5 4. d4 c6 5. Bc4 Nf6 6. Bd2 Qc7 7. Qe2 Bf5 8.
Bb3 e6 9. O-O-O Nbd7 10. f3 O-O-O 11. g4 Bg6 12. h4 h5 13. g5 Nd5 14. Qf2 Nxc3
15. Bxc3 Nb6 16. Ba5 Rd7 17. Ne2 Bd6 18. Kb1 Qd8 19. Nc3 Bc7 20. Ne4 e5 21. c3
exd4 22. cxd4 Re8 23. Rhe1 Nd5 24. Bxc7 Qxc7 25. Ka1 Red8 26. Nc5 Rd6 27. Qg3
b6 28. Qh3+ R6d7 29. Nxd7 Qxd7 30. Qxd7+ Rxd7 31. a3 Kd8 32. Rc1 Ne7 33. Red1
Nf5 34. d5 Ne3 35. dxc6 Rxd1 36. Bxd1 Kc7 37. Ba4 a6 38. Bb3 Ng2 39. Rh1 Kxc6
40. Rh2 Ne1 41. Bd1 Bf5 42. Rh1 Ng2 43. Bb3 Bg6 44. Rc1+ Kd6 45. Rd1+ Kc6 46.
Rh1 Kd6 47. Rh2 Ne1 48. Rf2 Nd3 49. Rf1 Nf4 50. Rd1+ Ke7 51. Bc4 b5 52. Bf1 Bf5
53. b4 Ng6 54. Rd4 Be6 55. Kb2 Ne5 56. Be2 g6 57. Kc3 Nc6 58. Re4 Kd7 59. f4
Bf5 60. Re3 Ne7 61. Bf3 Nc6 62. Bxc6+ Kxc6 63. Kd4 Kd6 64. Re8 Kc6 65. Ra8 Kb7
66. Rf8 Be6 67. Ke5 Kb6 68. Kf6 a5 69. Rxf7 1-0

[Event "DEM U16w 2010"]
[Site "Oberhof GER"]
[Date "2010.05.29"]
[Round "9"]
[White "Rogasch, Miriam"]
[Black "Möller, Nadine"]
[Result "1-0"]
[Termination "normal"]
[Board "12"]
[WhiteElo "1884"]
[BlackElo "1042"]
[PlyCount "127"]
[WhiteFideId "4616324"]
[EventCountry "GER"]
[EventRounds "9"]
[EventType "swiss"]
[EventDate "2010.05.22"]

1. e4 d5 2. exd5 Qxd5 3. Nc3 Qa5 4. d4 c6 5. Bc4 Nf6 6. Bd2 Qc7 7. Qe2 Bf5 8.
O-O-O e6 9. Bb3 Nbd7 10. Nf3 O-O-O 11. Nh4 Bg6 12. Nxg6 hxg6 13. Qf3 Nb6 14.
Ne2 Nbd5 15. c4 Nb6 16. Kb1 c5 17. Nc3 a6 18. Be3 Be7 19. d5 exd5 20. cxd5 Bd6
21. h3 Be5 22. Ne4 c4 23. Nxf6 gxf6 24. Rc1 Kb8 25. Bxb6 Qxb6 26. Rxc4 Rc8 27.
Rhc1 Rxc4 28. Rxc4 Rc8 29. Rxc8+ Kxc8 30. Qe3 Qxe3 31. fxe3 Kd7 32. Kc2 g5 33.
e4 Kd6 34. Bc4 b5 35. Be2 Ke7 36. b4 Kd7 37. Kb3 Kc7 38. Bh5 Kb6 39. Bxf7 a5
40. bxa5+ Kxa5 41. Bh5 b4 42. Kc4 Bd6 43. Bd1 Be7 44. Kd4 Bd6 45. Ke3 Kb5 46.
Kf3 Kc5 47. g3 Kd4 48. Bb3 Ke5 49. h4 gxh4 50. gxh4 f5 51. exf5 Kxf5 52. Ba4
Ke5 53. Bc6 Kf5 54. Bd7+ Ke5 55. Be6 Kf6 56. h5 Kg5 57. Bf7 Bf8 58. Ke4 Kf6 59.
Bg6 Ke7 60. Kf5 Bg7 61. Bh7 Kf7 62. d6 Bf6 63. h6 Bc3 64. Bg6+ 1-0

[Event "DEM U16w 2010"]
[Site "Oberhof GER"]
[Date "2010.05.29"]
[Round "9"]
[White "Reck, Jessica"]
[Black "Brandt, Carina"]
[Result "1/2-1/2"]
[Termination "normal"]
[Board "13"]
[WhiteElo "1296"]
[BlackElo "1084"]
[PlyCount "80"]
[WhiteFideId "12917931"]
[BlackFideId "12917940"]
[EventCountry "GER"]
[EventRounds "9"]
[EventType "swiss"]
[EventDate "2010.05.22"]

1. d4 d5 2. c4 e6 3. Nc3 Nf6 4. Bg5 c6 5. c5 b6 6. b4 Ba6 7. Nf3 Be7 8. h3 O-O
9. Ne5 Nfd7 10. Bxe7 Qxe7 11. Nf3 e5 12. Rb1 exd4 13. Qxd4 Bb7 14. Na4 b5 15.
Nc3 Qf6 16. Rd1 Qxd4 17. Rxd4 a5 18. a3 axb4 19. axb4 Re8 20. e3 Ne5 21. Be2
Ra1+ 22. Rd1 Rxd1+ 23. Kxd1 Na6 24. Na2 Nxf3 25. Bxf3 Ra8 26. Ke2 Nxc5 27. Nc3
Ne6 28. Rd1 g6 29. e4 d4 30. Nb1 Ra2+ 31. Rd2 Rxd2+ 32. Nxd2 Nf4+ 33. Kf1 Nd3
34. Nb3 Nxb4 35. Nxd4 f6 36. Ke2 Kf7 37. Kd2 Na6 38. e5 Nb8 39. exf6 Kxf6 40.
Nxb5 Ke5 1/2-1/2